| 000 | 01419cam a2200361 a 4500 | ||
|---|---|---|---|
| 001 | EDZ0000064090 | ||
| 003 | StDuBDS | ||
| 005 | 20161031105151.0 | ||
| 006 | m||||||||d|||||||| | ||
| 007 | cr ||||||||||| | ||
| 008 | 120327s2001 enk fo| 001|0|eng d | ||
| 020 |
_a9781446220764 (ebook) : _cNo price |
||
| 040 |
_aStDuBDS _beng _cStDuBDS _epn |
||
| 049 | _aAlfaisal Main Library | ||
| 050 | 0 |
_aHD58.7 _b.O733 2001 |
|
| 082 | 0 | 4 |
_a302.35 _223 |
| 245 | 0 | 0 |
_aOrganizational behaviour reassessed _h[electronic resource] : _bthe impact of gender / _cedited by Elisabeth Wilson. |
| 260 |
_aLondon : _bSAGE, _c2001. |
||
| 300 | _a1 online resource (xii, 244 p.) | ||
| 504 | _aIncludes bibliographical references and index. | ||
| 520 | 8 | _aChallenging mainstream accounts of organisational behaviour and management, which treat gender as an optional extra, this volume suggests other ways of understanding the issues. | |
| 521 | _aSpecialized. | ||
| 588 | _aDescription based on print version record. | ||
| 650 | 0 | _aOrganizational behavior. | |
| 650 | 0 |
_aOccupational prestige _xSex differences. |
|
| 650 | 0 | _aSex role. | |
| 655 | 7 |
_aElectronic books. _2local |
|
| 700 | 1 | _aWilson, Elisabeth M. | |
| 710 | 2 | _aSage eBooks | |
| 776 | 0 | 8 |
_iPrint version : _z9780761970934 |
| 856 | 4 | 0 | _uhttp://ezproxy.alfaisal.edu/login?url=http://sk.sagepub.com/books/organizational-behaviour-reassessed |
| 942 |
_2lcc _cEBOOKS |
||
| 999 |
_c480798 _d480798 |
||